| 000 | 01581nam a22003494a 4500 | ||
|---|---|---|---|
| 001 | ebr10055135 | ||
| 003 | CaPaEBR | ||
| 006 | m u | ||
| 007 | cr cn||||||||| | ||
| 008 | 981204s1998 dcua sb 000 0 eng d | ||
| 010 | _z 99186726 | ||
| 020 | _z0309063272 | ||
| 024 | 3 |
_a9780309063272 _d90000 |
|
| 040 |
_aCaPaEBR _cCaPaEBR |
||
| 035 | _a(OCoLC)42854361 | ||
| 050 | 1 | 4 |
_aRD680 _b.W667 1998eb |
| 082 | 0 | 4 |
_a616.9/803 _221 |
| 245 | 0 | 0 |
_aWork-related musculoskeletal disorders _h[electronic resource] : _ba review of the evidence / _cSteering Committee for the Workshop on Work-Related Musculoskeletal Injuries: [Examining] the Research Base ; Committee on Human Factors, Commission on Behavioral and Social Sciences and Education, National Research Council. |
| 260 |
_aWashington, DC : _bNational Academy Press, _c1998. |
||
| 300 |
_avii, 34 p. : _bill. |
||
| 490 | 1 | _aThe compass series | |
| 504 | _aIncludes bibliographical references (p. 25-27). | ||
| 530 | _aThis report is also available online. | ||
| 533 |
_aElectronic reproduction. _bPalo Alto, Calif. : _cebrary, _d2013. _nAvailable via World Wide Web. _nAccess may be limited to ebrary affiliated libraries. |
||
| 650 | 0 |
_aMusculoskeletal system _xWounds and injuries. |
|
| 650 | 0 | _aIndustrial accidents. | |
| 650 | 0 | _aDisability evaluation. | |
| 655 | 7 |
_aElectronic books. _2local |
|
| 710 | 2 | _aebrary, Inc. | |
| 830 | 0 | _aCompass series (Washington, D.C.) | |
| 856 | 4 | 0 |
_uhttp://site.ebrary.com/lib/rucke/Doc?id=10055135 _zAn electronic book accessible through the World Wide Web; click to view |
| 999 |
_c63794 _d63794 |
||